[Event "Landesliga U20 Sued 1516"]
[Site "Bayern"]
[Date "2016.01.23"]
[Round "5.3"]
[White "Kerkhoff, Jan"]
[Black "Klenk, Sofie"]
[Result "1-0"]
[WhiteElo "1745"]
[BlackElo "1676"]
[PlyCount "53"]
[EventDate "2015.11.21"]
[EventType "team-tourn"]
[EventRounds "7"]
[EventCountry "GER"]
[SourceTitle "EXT 2022"]
[Source "ChessBase"]
[SourceDate "2021.10.06"]
[SourceVersion "1"]
[SourceVersionDate "2021.10.06"]
[SourceQuality "1"]
[WhiteTeam "Unterhaching U20"]
[BlackTeam "Muenchen Tarrasch U20"]
[WhiteTeamCountry "GER"]
[BlackTeamCountry "GER"]

1. e4 c5 2. Nc3 Nc6 3. f4 g6 4. Nf3 Bg7 5. Bb5 Nd4 6. Bc4 a6 7. a3 b5 8. Bd5 Rb8 9. Nxd4 cxd4 10. Ne2 e6 11. Ba2 d3 12. cxd3 Bb7 13. 0-0 f5 14. e5 g5 15. d4 h5 16. d3 g4 17. Qe1 h4 18. Bd2 Qe7 19. Bb4 Qf7 20. Rc1 Ne7 21. Bd6 Rc8 22. Rxc8+ Nxc8 23. Qb4 Bf8 24. Bxf8 Rxf8 25. Rc1 Ne7 26. Qd6 Kd8 27. Qb6+ 1-0

[Event "Landesliga U20 Sued 1314"]
[Site "Bayern"]
[Date "2013.11.30"]
[Round "2.4"]
[White "Schneider, Lucas"]
[Black "Kerkhoff, Jan"]
[Result "0-1"]
[WhiteElo "1214"]
[BlackElo "1745"]
[PlyCount "74"]
[EventDate "2013.11.16"]
[EventType "team-tourn"]
[EventRounds "7"]
[EventCountry "GER"]
[SourceTitle "EXT 2022"]
[Source "ChessBase"]
[SourceDate "2021.10.06"]
[SourceVersion "1"]
[SourceVersionDate "2021.10.06"]
[SourceQuality "1"]
[WhiteTeam "Memmingen U20"]
[BlackTeam "Unterhaching U20"]
[WhiteTeamCountry "GER"]
[BlackTeamCountry "GER"]

1. e4 e5 2. Nf3 Nc6 3. Bc4 Bc5 4. Nc3 d6 5. h3 Nf6 6. d3 0-0 7. Bg5 h6 8. Bh4 Be6 9. Bb3 Nd4 10. Bd5 c6 11. Bb3 b5 12. a4 b4 13. Bxe6 bxc3 14. Bxf7+ Rxf7 15. bxc3 Nxf3+ 16. Qxf3 Qa5 17. 0-0 Qxc3 18. Qd1 Bd4 19. Qe2 Raf8 20. Rab1 Qa5 21. Rbc1 Nd7 22. c3 Bxc3 23. Qc2 Bd4 24. Qxc6 Qb6 25. Qxb6 Bxb6 26. Rc6 Bc5 27. Ra6 Bb6 28. a5 Nc5 29. Rxb6 axb6 30. axb6 g5 31. Bg3 Nxd3 32. f3 Rd7 33. Rd1 Nc5 34. Bf2 Nb7 35. Ra1 Kf7 36. Ra7 Ke6 37. g4 Rxf3 0-1